| 000 | 00699cam a22002413a 4500 | ||
|---|---|---|---|
| 001 | 19925 | ||
| 003 | PGUSA | ||
| 005 | 20140828083424.0 | ||
| 008 | 061127s2006||||xxu|||||s|||||000 | eng d | ||
| 040 |
_aPGUSA _beng |
||
| 042 | _adc | ||
| 050 | 4 | _aGT | |
| 100 | 1 |
_aAndrews, William, _d1848-1908 |
|
| 245 | 1 | 0 |
_aAt the Sign of the Barber's Pole : _bStudies In Hirsute History _h[electronic resource] / _cWilliam Andrews |
| 260 |
_bProject Gutenberg, _c2006 |
||
| 506 | _aPublic domain in the USA. | ||
| 516 | _aElectronic text | ||
| 653 | _aHairdressing -- History | ||
| 653 | _aBarbers | ||
| 830 | 0 |
_aProject Gutenberg _v19925 |
|
| 856 | 4 | 0 | _uhttp://www.gutenberg.org/ebooks/19925 |
| 942 | _cEB | ||
| 999 |
_c249180 _d249180 |
||